Fonaments tèxtils : teixits de punt I / teixits de punt I /
Descripción Física:
305 pàgines : il·lustracions en color ; 30 cm
Idioma:
Catalán
MARC
| LEADER | 00000nam a2200000 a 4500 | ||
|---|---|---|---|
| 001 | 25967 | ||
| 005 | 20260324181124.0 | ||
| 008 | 220616b spa||||| |||| 00| 0 cat d | ||
| 080 | |a Bib-682 | ||
| 100 | |9 53498 |a Alonso, Joan Josep | ||
| 245 | 1 | 0 | |a Fonaments tèxtils : |b teixits de punt I / |c Joan Josep Alonso [i 14 més] |
| 264 | 1 | |a [Barcelona] : |b Diputació de Barcelona, |c juny de 2019 | |
| 300 | |a 305 pàgines : |b il·lustracions en color ; |c 30 cm | ||
| 336 | |a text |b txt |2 rdacontent | ||
| 337 | |a sense mediació |b n |2 rdamedia | ||
| 338 | |a volum |b nc |2 rdacarrier | ||
| 500 | |a A la portada: Centre de Recerca i Transferència de Tecnologia Tèxtil, Escola de Teixits de Canet de Mar | ||
| 504 | |a Inclou referències bibliogràfiques | ||
| 650 | 0 | |a Teixits i tèxtils |2 Arxiu |9 33396 | |
| 650 | 0 | |a Gèneres de punt |9 53499 | |
| 655 | 0 | |9 52956 |a Manuals, vademècums, etc. | |
| 710 | 1 | |a Barcelona (Catalunya : Província). |b Diputació |9 52408 | |
| 710 | 2 | |a Escola de Teixits de Punt de Canet de Mar |9 53500 | |
| 940 | |a BC | ||
| 942 | |2 udc |c ARXIU |n 1 | ||
| 952 | |0 0 |1 0 |4 0 |6 BIB682 |7 1 |9 62432 |a Arxiu |b Arxiu |d 2022-06-16 |l 0 |o Bib-682 |p 25967 |r 2022-06-16 00:00:00 |w 2022-06-16 |y ARXIU | ||
| 999 | |c 82070 |d 82070 | ||